000 01318cam a2200157 4500500
005 20260405032528.0
041 _afre
042 _adc
100 1 0 _aBraunstein, Jean-François
_eauthor
700 1 0 _aPewzner-Apeloig, Évelyne
_eauthor
700 1 0 _aPewzner, Évelyne
_eauthor
245 0 0 _aHistoire de la psychologie
260 _bDunod,
_c2020.
520 _aCet ouvrage offre un travail de fond sur la genèse et les développements de la psychologie, tout en accordant autant d'importance à la psychologie « dynamique » qu'à la psychologie « scientifique ». Il présente les principales étapes de l'histoire de cette discipline encore jeune, qui a conquis son autonomie à la fin du XIXe siècle tout en se situant dans la continuité de toute une tradition de pensée occidentale elle-même ancrée dans l'Antiquité gréco-romaine. Ce livre donne une présentation claire et complète des courants théoriques les plus caractéristiques de l’histoire de la psychologie. Cela en fait un outil indispensable à la formation des étudiants en psychologie et, plus largement, en sciences humaines mais également utile aux professionnels de la santé et de l’éducation.
856 4 1 _uhttps://shs.cairn.info/histoire-de-la-psychologie--9782100799107?lang=fr&redirect-ssocas=7080
999 _c2155411
_d2155411